Statistics for CMA Entertainer of the Year Winners

Click here to take the quiz!

General Stats

  • This quiz has been taken 46 times
  • The average score is 30 of 54

Answer Stats

YearArtist% Correct
1991Garth Brooks
88%
2019Garth Brooks
88%
1997Garth Brooks
88%
1998Garth Brooks
88%
1992Garth Brooks
88%
2017Garth Brooks
88%
2016Garth Brooks
88%
2012Blake Shelton
83%
1978Dolly Parton
76%
2013George Strait
76%
1990George Strait
76%
1989George Strait
76%
2010Brad Paisley
71%
1986Reba McEntire
68%
1995Alan Jackson
66%
2003Alan Jackson
66%
2002Alan Jackson
66%
1972Loretta Lynn
66%
2009Taylor Swift
63%
2011Taylor Swift
63%
2001Tim McGraw
63%
1969Johnny Cash
61%
1979Willie Nelson
61%
1999Shania Twain
59%
1970Merle Haggard
56%
1994Vince Gill
56%
1993Vince Gill
56%
1988Hank Williams, Jr.
54%
1987Hank Williams, Jr.
54%
2006Kenny Chesney
54%
2008Kenny Chesney
54%
2007Kenny Chesney
54%
2004Kenny Chesney
54%
1996Brooks & Dunn
51%
2005Keith Urban
51%
2018Keith Urban
51%
2014Luke Bryan
49%
2015Luke Bryan
49%
1983Alabama
44%
1982Alabama
44%
1984Alabama
44%
2000Dixie Chicks
39%
1971Charley Pride
34%
1968Glen Campbell
34%
1981Barbara Mandrell
32%
1980Barbara Mandrell
32%
1977Ronnie Milsap
32%
1973Roy Clark
32%
1985Ricky Skaggs
29%
1967Eddy Arnold
24%
1974Charlie Rich
22%
2020Eric Church
22%
1975John Denver
22%
1976Mel Tillis
20%

Score Distribution

Percentile by Number Answered

Percent of People with Each Score

Your Score History

You have not taken this quiz